000 00295nam a22001337a 4500
008 170712b xxu||||| |||| 00| 0 eng d
020 _a0028648556
041 _aeng
080 _a05
100 _a26
101 _aENC
245 _aENCYCLOPEDIA OF SOCIOLOGY
_cBORGATTA.E.F
942 _2udc
_cBK
999 _c20263
_d20263